La Formación para la administración local en los 90
ISBN:
84-7609-338-1
Descripción Física:
242 p. : il., gràf. ; 24 cm
MARC
| LEADER | 00000nam a2200000Ia 4500 | ||
|---|---|---|---|
| 001 | 8934 | ||
| 008 | 160829s9999 xx 000 0 cat d | ||
| 020 | |a 84-7609-338-1 | ||
| 080 | |a E-1-47 | ||
| 245 | |a La Formación para la administración local en los 90 | ||
| 260 | |a [Barcelona] : |b Ajuntament de Barcelona, Regidoria d'Edicions i Publicacions, DL 1989 | ||
| 300 | |a 242 p. : |b il., gràf. ; |c 24 cm | ||
| 590 | |a Conté les ponències presentades a les jornades: La Formación para la Administración Local en los 90 | ||
| 650 | |a Funcionaris i empleats locals |x Formació |x Espanya |x Congressos |9 21918 | ||
| 710 | 1 | |a Barcelona (Catalunya). |b Regidoria d'Edicions i Publicacions |9 56272 | |
| 901 | |a Arxiu | ||
| 942 | |n 1 | ||
| 952 | |0 0 |1 0 |4 0 |6 E147 |7 1 |9 41935 |a Arxiu |b Arxiu |d 2016-12-01 |l 0 |o E-1-47 |p 8934 |r 2016-12-01 00:00:00 |w 2016-12-01 |y ARXIU | ||
| 999 | |c 44382 |d 44382 | ||